ইসলামের ইতিহাস / (Record no. 39973)
[ view plain ]
| 000 -LEADER | |
|---|---|
| fixed length control field | 00854nam a2200241 a 4500 |
| 001 - CONTROL NUMBER | |
| control field | 39973 |
| 003 - CONTROL NUMBER IDENTIFIER | |
| rucl marc code | BD-RjUL |
| 005 - DATE AND TIME OF LATEST TRANSACTION | |
| control field | 20211209053116.0 |
| 008 - FIXED-LENGTH DATA ELEMENTS--GENERAL INFORMATION | |
| fixed length control field | 160420s1981 bg |||| |||| 00| 0 ben d |
| 020 ## - INTERNATIONAL STANDARD BOOK NUMBER | |
| Terms of availability | : Tk. 55.00 |
| 035 ## - SYSTEM CONTROL NUMBER | |
| System control number | (BD-RjUL)40087 |
| 040 ## - CATALOGING SOURCE | |
| Original cataloging agency | BD-RjUL |
| Language of cataloging | ben |
| Transcribing agency | BD-RjUL |
| 041 ## - LANGUAGE CODE | |
| Language code of text/sound track or separate title | ben |
| 082 ## - DEWEY DECIMAL CLASSIFICATION NUMBER | |
| Edition number | 23 |
| Classification number | 297.09 |
| Author mark and year | HAI 1981 |
| 100 ## - MAIN ENTRY--PERSONAL NAME | |
| Personal name | হাসান, সৈয়দ মাহামুদুল |
| 9 (RLIN) | 123116 |
| 245 10 - TITLE STATEMENT | |
| Title | ইসলামের ইতিহাস / |
| Statement of responsibility, etc. | সৈয়দ মাহমুদুল হাসান |
| 250 ## - EDITION STATEMENT | |
| Edition statement | ৫ম সং. |
| 260 ## - PUBLICATION, DISTRIBUTION, ETC. (IMPRINT) | |
| Place of publication, distribution, etc. | ঢাকা : |
| Name of publisher, distributor, etc. | গ্লোব (প্রা :) লিমিটেড, |
| Date of publication, distribution, etc. | ১৯৮১ |
| 300 ## - PHYSICAL DESCRIPTION | |
| Pagination | [১৬] ৬৭১ পৃ. ; |
| Size | ২৫ সেমি. |
| 650 ## - SUBJECT ADDED ENTRY--TOPICAL TERM | |
| Topical term or geographic name as entry element | ইসলাম |
| General subdivision | ইতিহাস |
| 9 (RLIN) | 123117 |
| Topical term or geographic name as entry element | Islam |
| General subdivision | History |
| 9 (RLIN) | 123118 |
| 942 ## - ADDED ENTRY ELEMENTS (KOHA) | |
| Source of classification or shelving scheme | Dewey Decimal Classification |
| Koha item type | Books |
| Lost status | Source of classification or shelving scheme | Damaged status | Not for loan | Collection code | Permanent Location | Current Location | Shelving location | Date acquired | Source of acquisition | Cost, normal purchase price | Total Checkouts | Full call number | Date last seen | Date checked out | Copy number | Koha item type |
|---|---|---|---|---|---|---|---|---|---|---|---|---|---|---|---|---|
| Dewey Decimal Classification | Non-fiction | Central Library, University of Rajshahi | Central Library, University of Rajshahi | 29/12/1982 | Aligar Library, Rajshahi | 50.00 | 2 | B 297.09 HAI 1981 | 18/01/2026 | 04/01/2026 | C-2 | Books | ||||
| Dewey Decimal Classification | Non-fiction | Central Library, University of Rajshahi | Central Library, University of Rajshahi | 02/05/1984 | Dhaka University Grantha Songstha | 65.00 | B 297.09 HAI 1981 | 17/05/2016 | C-3 | Books | ||||||
| Dewey Decimal Classification | Non-fiction | Central Library, University of Rajshahi | Central Library, University of Rajshahi | 10/02/1965 | Ideal Library, Dhaka | 1.50 | 1 | B 297.09 HAI 1981 | 20/10/2019 | 03/10/2019 | C-4 | Books |